000 00972nac a22003257a 4500
001 BR4600090
003 BR-BrBNA
005 20240105112841.0
008 230509b bl.|||m| |||| 00| 0 por d
040 _aBR-BrBNA
_bpor
_cBiblioteca Nacional de Agricultura
072 _aF00; F70
090 _a3359 BR4600090
100 1 _aFigueiredo, E.R. de
245 1 _aFloricultura brasileira. Plantas ornanentais de suspensao [Orquidea; Bromelia; Estufa]
_bSegunda parte
250 1 _a3. ed.
260 3 _aSao Paulo, SP (Brasil):
_bChacaras e Quintais,
_c1946.
300 _a40 p.
490 _aBiblioteca Agricola Popular Brasileira (Brazil)
_v
_x
500 _a19 illus.
650 _aProducao vegetal
650 _aTaxonomia vegetal
650 _aOrquidea
650 _aBromelia
650 _aPlanta ornamental
650 _aEstufa
650 _aJardim
650 _aJardinagem
909 _a202312
_bLúcia Elande
_c55
_dLúcia Elande
942 _2AGRIS
_n0
_cMS
999 _c260597
_d260597